Les personnages d'Avengers : Endgame - #22 - Statistiques

Statistiques générales
  • Ce quiz a été pris 77 fois
  • Le résultat moyen est 25 sur 65
Statistiques - réponses
Réponse % Correct
Tony Stark / Iron Man
100%
Steve Rogers / Captain America
97%
Bruce Banner / Hulk
93%
Thor
91%
Peter Parker / Spider-Man
90%
Natasha Romanoff / Black Widow
88%
Scott Lang / Ant-Man
85%
Carol Danvers / Captain Marvel
84%
T'challa / Black Panther
84%
Thanos
84%
Gamora
78%
Rocket
75%
Groot
73%
Peter Quill / Star Lord
72%
Nébula
70%
Clint Barton / Hawkeye
66%
Stephen Strange / Docteur Strange
66%
Drax
61%
Loki
61%
James Rhodes / War Machine
58%
Wanda Maximoff / Sorcière Rouge
58%
Hope van Dyne / la Guêpe
57%
Pepper Potts / Rescue
52%
Sam Wilson / Falcon
52%
Mantis
49%
Pepper Potts
49%
Nick Fury
45%
Shuri
45%
Bucky Barnes / Soldat de l'Hiver
43%
Valkyrie
39%
Wong
39%
Okoye
33%
Howard Stark
27%
Morgan Stark
24%
M'baku
22%
Johann Schmidt / Crâne Rouge
21%
Maria Hill
19%
Happy Hogan
18%
L'Ancien
18%
Peggy Carter
18%
Hank Pym
16%
Korg
15%
Cassie Lang
13%
Jane Foster
13%
Ebony Maw
12%
Laura Barton
10%
Frigga
9%
Janet van Dyne
9%
Howard le Canard
6%
May Parker
6%
Ned Leeds
6%
Brock Rumlow
4%
Jasper Sitwell
4%
Alexander Pierce
3%
Edwin Jarvis
3%
Kraglin
3%
Lila Barton
3%
Miek
3%
Nathaniel Barton
3%
Ramonda
3%
Betty Brant
1%
Cooper Barton
1%
FRIDAY
1%
Jack Rollins
1%
Thaddeus Ross
1%
Aucun quiz correspondant
Distribution des résultats
% des personnes avec chaque résultat
Percentile par nombre de réponses
Votre historique - résultats
Vous n’avez pas pris ce quiz